| 000 | 00317nam a22001337a 4500 | ||
|---|---|---|---|
| 020 | _qPB. | ||
| 040 | _cFIZZA ISHAQ | ||
| 082 |
_a005.8 _bDAV |
||
| 100 |
_aKNOX,DAVID. _9111043 |
||
| 245 |
_aAPPLIED ORACLE SECURITY / _cDAVID KNOX. |
||
| 260 |
_aNEW DELHI ; _bMC GRAW, _c2010. |
||
| 300 | _a610 P. ; | ||
| 942 |
_2ddc _cBK |
||
| 999 |
_c594049 _d594049 |
||